Entre tiranos : la guerra civil de César /

Detalles Bibliográficos
Autor principal: López Barja, Pedro (Autor)
Formato: Electrónico eBook
Lenguaje:español
Publicado: Madrid : Marcial Pons, Ediciones de Historia, S. A., 2021.
Colección:Estudios/Antigua.
Materias:
Acceso en línea:Digitalia Hispánica

MARC

LEADER 00000nam a2200000Ii 4500
001 DIGMPONS0477
003 NyNyDIG
006 m o d
007 cr |||||||||||
008 250701s2021 sp ob 001 0 spa d
035 |a (OCoLC)1527822093 
040 |a DGITA  |b eng  |e rda  |e pn  |c DGITA 
020 |a 9788418752483  |q eBook 
020 |z 9788418752001 
043 |a aw-----  |a e------  |a ff----- 
050 1 4 |a DG266 ebook 
100 1 |a López Barja, Pedro,  |e author. 
245 1 0 |a Entre tiranos :  |b la guerra civil de César /  |c Pedro López Barja De Quiroga. 
264 1 |a Madrid :  |b Marcial Pons, Ediciones de Historia, S. A.,  |c 2021. 
300 |a 1 online resource. 
336 |a text  |b txt  |2 rdacontent 
337 |a computer  |b c  |2 rdamedia 
338 |a online resource  |b cr  |2 rdacarrier 
347 |a text file  |2 rdaft 
347 |b PDF 
490 1 |a Estudios/Antigua 
504 |a Includes bibliographical references and index. 
588 0 |a Online resource; title from PDF title page (Digitalia, viewed July 1, 2025) 
600 1 0 |a Caesar, Julius. 
651 0 |a Rome  |x History  |y Civil War, 49-45 B.C. 
776 0 8 |i Print version:  |a López Barja, Pedro.  |t Entre tiranos.  |d Madrid : Marcial Pons, Ediciones de Historia, S. A., 2021  |z 9788418752001 
791 2 |a Digitalia (Firm),  |e distributor. 
793 0 |g Digitalia eBook Collection:  |a Marcial Pons 
830 0 |a Estudios/Antigua. 
856 4 0 |3 Digitalia Hispánica  |u https://www.digitaliapublishing.com/a/172771/ 
910 |a Premium collection: 2025